GAZO ET TIAKOLA - MAMI WATA - PAROLES - Statistiques

Statistiques générales
  • Ce quiz a été pris 171 fois
  • Le résultat moyen est 180 sur 302
Statistiques - réponses
Réponse % Correct
ma
91%
wata
91%
que
87%
mami
86%
elle
85%
je
85%
sa
85%
à
84%
a
84%
mi
83%
son
83%
chanter
80%
comment
80%
me
76%
pussy
75%
quel
75%
la
74%
le
74%
s'appelle
73%
amor
72%
corps
72%
pour
72%
j'ai
71%
un
71%
veut
71%
de
69%
j'suis
69%
p'tit
69%
qu'elle
69%
su
69%
en
68%
du
66%
66%
et
66%
baby
65%
pas
65%
j'crois
64%
cou
63%
dans
63%
éclore
63%
qui
63%
qu'un
63%
coeur
62%
Mérite
62%
mérite
62%
mon
61%
informé
60%
mais
60%
temps
60%
sur
58%
ça
57%
plus
56%
rapport
55%
rentre
55%
ses
55%
bisou
54%
obligé
53%
des
50%
fait
50%
j'fais
50%
paroles
50%
bas
49%
encore
49%
y
49%
boum
48%
l'air
48%
sont
48%
quand
47%
boule
46%
mamacita
46%
pièce
46%
bisous
45%
coup
45%
d'lui
45%
force
45%
j'caresse
45%
les
45%
même
44%
endormi
43%
redonner
43%
réveille
43%
j't'appellerais
42%
juste
42%
toucher
40%
car
39%
peu
39%
t'aime
39%
toujours
39%
voulait
39%
dire
38%
seuls
38%
c'qu'elle
37%
j'sais
37%
miens
37%
naturelle
37%
sais
37%
augmenté
36%
base
36%
l'impression
36%
obtenu
36%
pardon
36%
voulu
36%
infos
35%
j'connais
35%
l'un
35%
peur
35%
protéger
35%
concentré
34%
essayer
34%
était
34%
faut
34%
m'ensorceler
34%
mes
34%
transformer
34%
toi
33%
action
32%
grave
31%
pleine
31%
rentrées
31%
scellé
31%
si
31%
toutes
31%
m'gêner
30%
tu
30%
failli
29%
donc
28%
flancher
28%
préparait
28%
vouloir
28%
garder
27%
forces
26%
j'dois
26%
décadenasser
24%
dedans
23%
tombé
22%
bu
20%
m'voir
20%
content
19%
vas
19%
eins-s
16%
qu'j'suis
15%
bae
11%
oblogé
2%
Aucun quiz correspondant
Distribution des résultats
% des personnes avec chaque résultat
Percentile par nombre de réponses
Votre historique - résultats
Vous n’avez pas pris ce quiz